00512nam a2200193 a 450000100060000000300080000600500170001400800410003103500190007204000270009104100080011808200260012610000210015224500700017325000120024326000310025530000200028665000120030656188BD-RjUL20211209080350.0161127s1948 pk 000 0 eng  a(BD-RjUL)56312 aDLCcDLCdBD-RjULbeng aeng 223a954.025bAKA 19481 aAkbar, Muhammad.14aThe administration of justice by the Mughals /cMuhammad. Akbar,  a1st ed. aLahore :bM. Ashraf,c1948 a71 p. ;c24 cm. aMuslims